| 000 | 00705nas a2200241 a 4500 | ||
|---|---|---|---|
| 999 |
_c447565 _d447565 |
||
| 003 | BLK | ||
| 005 | 20230727122718.0 | ||
| 008 | 220308b bu |||||r|||| 00| 0 bu d | ||
| 040 | _aBLK | ||
| 041 |
_aBUL _cBUL |
||
| 080 |
_aСредни училища _b373.5 _x(055) _z373.5 |
||
| 110 | 2 |
_92433 _aМатематическа гимназия Баба Тонка - Русе |
|
| 139 | _bБ 98 | ||
| 245 | _aБюлетин : 73 години училище Баба Тонка | ||
| 260 |
_9441842 _aРусе _bб. и. _c1967 |
||
| 300 | _c30 см | ||
| 380 | _a3 | ||
| 852 |
_bК _cК 373.5/Б 98 |
||
| 942 |
_cBUL _n0 _s1 _01 |
||
| 944 |
_aCR _c2022-03-08 _k30556 _lТеодора Пейчева-Дянкова |
||
| 999 | _d447565 | ||
| 999 | _d447565 | ||